Top 10 Ligue 1 Clubs by Points of the Decade (2010s) - Statistics

General Stats
  • This quiz has been taken 391 times
  • The average score is 9 of 10
Answer Stats
Rank Club Points % Correct
1st Paris Saint-Germain F.C. 824
100%
3rd Olympique de Marseille 648
98%
2nd Olympique Lyonnais 679
97%
4th Lille OSC 625
93%
9th AS Monaco FC 527
91%
8th FC Girondins de Bordeaux 535
86%
6th OGC Nice 542
85%
10th Stade Rennais F.C. 527
85%
7th Montpellier HSC 540
80%
5th AS Saint-Étienne 585
79%
No matching quizzes found
Score Distribution
Percent of People with Each Score
Percentile by Number Answered
Your Score History
You have not taken this quiz